• 首页
  • 本馆介绍
  • 公告通知
  • 最新文献
  • 馆藏检索
  • 电子资源
  • 读者导购
  • 参考咨询
  • 我的图书馆
  • 登录
  • 详细信息显示
  • 放入我的书架
  • 预约/预借图书
  • 作者相关作品
  • 分类相关作品
  • 丛书相关作品
  • 出版社相关作品

书目信息

  • 表格格式
  • 工作单格式
  • 卡片格式
题名:
机械工程控制理论及新技术研究
    
 
作者: 赵巍 , 李焕英 , 叶振环 主编
分册:  
出版信息: 北京   中国水利水电出版社  2014
页数: 394页
开本: 26cm
丛书名:
单 册:
中图分类: TH-39
科图分类:
主题词: 机械工程--控制系统--研究
电子资源:
ISBN: 978-7-5170-1908-4
000 01013nam0 2200253 450
001 012015000202
005 20150914103846.16
010    @a978-7-5170-1908-4@dCNY88.00
100    @a20141209d2014 em y0chiy50 ea
101 0  @achi
102    @aCN@b110000
105    @aa z 000yy
106    @ar
200 1  @a机械工程控制理论及新技术研究@Aji xie gong cheng kong zhi li lun ji xin ji shu yan jiu@f赵巍,李焕英,叶振环主编
210    @a北京@c中国水利水电出版社@d2014
215    @a394页@c图@d26cm
330    @a本书主要阐述工程上广为应用的经典控制论中信息处理和系统分析与综合的基本方法,包括:控制系统的数学模型,控制系统的时间响应与误差分析,控制系统的频率特性分析,控制系统的稳定性分析,控制系统的性能分析与校正,非线性控制系统,MATLAB在控制系统中的应用等内容。
606 0  @a机械工程@x控制系统@x研究
690    @aTH-39@v5
701  0 @a赵巍@Azhao wei@4主编
701  0 @a李焕英@Ali huan ying@4主编
701  0 @a叶振环@Aye zhen huan@4主编
801  0 @aCN@b碧洲教育@c20150716
905    @a10447@f4@dTH-39@e33
    
    机械工程控制理论及新技术研究/赵巍,李焕英,叶振环主编.-北京:中国水利水电出版社,2014
    394页:图;26cm
    
    
    ISBN 978-7-5170-1908-4:CNY88.00
    本书主要阐述工程上广为应用的经典控制论中信息处理和系统分析与综合的基本方法,包括:控制系统的数学模型,控制系统的时间响应与误差分析,控制系统的频率特性分析,控制系统的稳定性分析,控制系统的性能分析与校正,非线性控制系统,MATLAB在控制系统中的应用等内容。
●
相关链接 在E读中查询图书 在五车中查询图书 在当当中查询图书 在豆瓣中查询图书


正题名:机械工程控制理论及新技术研究     索取号:TH-39/33         预约/预借

序号 登录号 条形码 馆藏地/架位号 状态 备注
1 0870273   208702732   第二样本阅览室/ [索取号:TH-39/33] 在馆    
2 0870274   208702741   密集书库-物理学院/ [索取号:TH-39/33] 在馆    
3 0870275   208702750   第三借阅区/ [索取号:TH-39/33] 在馆    
4 0870276   208702769   第三借阅区/ [索取号:TH-39/33] 在馆    
唐山师范学院图书馆 欢迎您!
大连网信软件有限公司© 版权所有